Diseño de red de abastecimiento de agua potable y saneamiento para la comunidad de San Blas en el municipio de Tipitapa departamento de Managua
El estudio de un sistema de abastecimiento de agua potable, que cumpla con la calidad y cobertura adecuada para la comunidad de San Blas ubicada en el kilómetro 54 de la carretera norte, pertenece al municipio de Tipitapa del departamento de Managua.
| Main Authors: | , |
|---|---|
| Other Authors: | |
| Format: | Tesis Section = Libro |
| Language: | Undetermined Spanish |
| Published: |
Managua
UNI
2013
|
| Subjects: |
| LEADER | 01158nam a2200265Ia 4500 | ||
|---|---|---|---|
| 008 | 240830s9999 xx 000 0 und d | ||
| 040 | |a BIBLIOTECA-RUPAP Mon 628.1 M473 | ||
| 041 | |a spa | ||
| 082 | |a Mon 628.1 M473 | ||
| 100 | 1 | |a Mayorga Somoza, Renndy Alberto | |
| 100 | 1 | |b Quintero Hernández, Yader José | |
| 245 | 1 | 0 | |a Diseño de red de abastecimiento de agua potable y saneamiento para la comunidad de San Blas en el municipio de Tipitapa departamento de Managua |
| 260 | |a Managua |b UNI |c 2013 | ||
| 300 | |a 72 p. :il. | ||
| 500 | |a Contiene: anexos e Incluye: CD. | ||
| 502 | |a Tesis (Ingeniero Civil)- UNI, 2013. | ||
| 520 | 3 | |a El estudio de un sistema de abastecimiento de agua potable, que cumpla con la calidad y cobertura adecuada para la comunidad de San Blas ubicada en el kilómetro 54 de la carretera norte, pertenece al municipio de Tipitapa del departamento de Managua. | |
| 650 | 7 | |a ABASTECIMIENTO AGUA | |
| 650 | 7 | |b AGUA POTABLE - SANEAMIENTO | |
| 650 | 7 | |c CALIDAD DE AGUA - CONTROL | |
| 650 | 7 | |d PURIFICACIÓN AGUA | |
| 700 | 1 | |a Tutor: |b Baltodano Maldonado, José Ángel | |
| 942 | |c BK |2 ddc | ||
| 991 | |a TESIS | ||
| 999 | |c 16230 | ||